Online
Catalog

La Unión Soviética y la América Latina / (Record no. 24568)

MARC details
000 -CABECERA
campo de control de longitud fija 01077nam a2200265 a 4500
001 - NÚMERO DE CONTROL
campo de control 000025075
005 - FECHA Y HORA DE LA ÚLTIMA TRANSACCIÓN
campo de control 20200930023540.0
008 - DATOS DE LONGITUD FIJA--INFORMACIÓN GENERAL
campo de control de longitud fija 110209s1972 mx r 000 0 spa d
040 ## - FUENTE DE LA CATALOGACIÓN
Centro catalogador/agencia de origen DO-SdBNP
Lengua de catalogación spa
Centro/agencia transcriptor BNPHU
041 17 - CÓDIGO DE LENGUA
Código de lengua del texto/banda sonora o título independiente spa
Código de lengua original eng
Fuente del código Código de idioma MARC
082 ## - NÚMERO DE LA CLASIFICACIÓN DECIMAL DEWEY
Número de clasificación 327.47072
Número de documento/Ítem U58s
049 ## - FONDOS LOCALES (OCLC)
Fondos de biblioteca BNGR
245 01 - MENCIÓN DE TÍTULO
Título La Unión Soviética y la América Latina /
Mención de responsabilidad, etc. compilado por Joseph Gregory Oswald y Anthony J. Strover ; traducción de Alfonso Castaño.
260 ## - PUBLICACIÓN, DISTRIBUCIÓN, ETC.
Lugar de publicación, distribución, etc. México, D. F. :
Nombre del editor, distribuidor, etc. Editorial Letras,
Fecha de publicación, distribución, etc. 1972.
300 ## - DESCRIPCIÓN FÍSICA
Extensión 248 p. ;
Dimensiones 21 cm.
534 ## - NOTA SOBRE LA VERSIÓN ORIGINAL
Encabezamiento principal del original Título original:
Mención de título del original The Soviet Union and Latin America
500 ## - NOTA GENERAL
Nota general Incluye referencias bibliográficas
500 ## - NOTA GENERAL
Nota general Incluye notas al pie de las páginas
650 #4 - PUNTO DE ACCESO ADICIONAL DE MATERIA--TÉRMINO DE MATERIA
Término de materia o nombre geográfico como elemento de entrada Unión soviética
Subdivisión general Relaciones exteriores
Subdivisión geográfica América Latina
9 (RLIN) 51451
650 #4 - PUNTO DE ACCESO ADICIONAL DE MATERIA--TÉRMINO DE MATERIA
Término de materia o nombre geográfico como elemento de entrada América latina
Subdivisión general Relaciones exteriores
Subdivisión geográfica Unión Soviética
9 (RLIN) 51452
651 #4 - PUNTO DE ACCESO ADICIONAL DE MATERIA--NOMBRE GEOGRÁFICO
Nombre geográfico Cuba
Subdivisión general Política Y Gobierno
9 (RLIN) 541
700 1# - PUNTO DE ACCESO ADICIONAL--NOMBRE DE PERSONA
Nombre de persona Oswald, Joseph Gregory
Término indicativo de función/relación comp.
9 (RLIN) 51453
700 1# - PUNTO DE ACCESO ADICIONAL--NOMBRE DE PERSONA
Nombre de persona Strover, Anthony J.
Término indicativo de función/relación comp.
9 (RLIN) 51454
700 1# - PUNTO DE ACCESO ADICIONAL--NOMBRE DE PERSONA
Nombre de persona Castaño, Alfonso
Término indicativo de función/relación tr.
9 (RLIN) 51455
Holdings
Estado de retiro Estado de pérdida Restricciones de uso No para préstamo Código de colección Localización permanente Ubicación/localización actual Ubicación en estantería Fecha de adquisición Número de inventario Total de préstamos Signatura topográfica completa Código de barras Fecha visto por última vez Precio válido a partir de Tipo de ítem Koha
        Monografías: Libros y Folletos General General En catalogación 09.02.2011 LF1   327.47072 U58s 25075-10 25.06.2020 25.06.2020 Préstamo en sala

Powered by Koha